Anuario educativo Mexicano. Visin̤ retrospectiva /

Detalles Bibliográficos
Autor principal: Teresinha Bertussi, Guadelupe
Otros Autores: Gonzl̀ez Gm̤ez, Gabriela
Formato: eBook
Lenguaje:español
Publicado: Ciudad de Mx̌ico: Cm̀ara de Diputados, 2008
Materias:
Acceso en línea:Acceso restringido

MARC

LEADER 00000nam a22000007a 4500
005 20171025182542.0
007 cr|||| ||||
008 171025s2008 mx |||||s|||| 00||0 spa d
020 |a 978-970-819-070-1 
035 |a 20765 
040 |a vLex 
090 |c 7144  |d 7144 
100 1 |a Teresinha Bertussi, Guadelupe  
245 1 0 |a Anuario educativo Mexicano.   |h [Recurso electrn̤ico]:  |b Visin̤ retrospectiva /  |c Guadelupe Teresinha Bertussi; Gabriela Gonzl̀ez Gm̤ez 
256 |a Servicio en ln̕ea 
260 |a Ciudad de Mx̌ico:  |b Cm̀ara de Diputados,  |c 2008 
300 |a 1 recurso electrn̤ico 
506 1 |a Disponible solo en los productos indicados  |d vLex Global  |d vLex Global (Academic Edition, excluding Law Schools)  |d vLex Global (U.S. Academic Edition, Law Schools)  |d vLex Global (U.S. Academic Edition, excluding Law Schools)  |d vLex Global (Academic Edition, Law Schools) 
650 0 4 |a Educacin̤  |z Mx̌ico 
700 1 |a Gonzl̀ez Gm̤ez, Gabriela 
740 0 |a vLex Libros (Servicio en ln̕ea) 
856 4 0 |u http://vlex.com/source/anuario-educativo-mexicano-20765  |z Acceso restringido 
942 |c BOOK 
999 0 |a Education